Deep Learning Algorithms and Applications (Record no. 13975)

MARC details
000 -LEADER
fixed length control field 00463nam a22001937a 4500
003 - CONTROL NUMBER IDENTIFIER
control field OSt
008 - FIXED-LENGTH DATA ELEMENTS--GENERAL INFORMATION
fixed length control field 260519b |||||||| |||| 00| 0 eng d
020 ## - INTERNATIONAL STANDARD BOOK NUMBER
International Standard Book Number 9789366606606
082 ## - DEWEY DECIMAL CLASSIFICATION NUMBER
Classification number 006.3 RAD
100 ## - MAIN ENTRY--PERSONAL NAME
Personal name RAMALAKSHMI,R
245 ## - TITLE STATEMENT
Title Deep Learning Algorithms and Applications
250 ## - EDITION STATEMENT
Edition statement 1st Ed Rep
260 ## - PUBLICATION, DISTRIBUTION, ETC. (IMPRINT)
Place of publication, distribution, etc New Delhi
Name of publisher, distributor, etc Cengage
300 ## - PHYSICAL DESCRIPTION
Extent MISC
700 ## - ADDED ENTRY--PERSONAL NAME
Personal name MARIMUTHU,T
700 ## - ADDED ENTRY--PERSONAL NAME
Personal name GANDHI,Vaibhav
942 ## - ADDED ENTRY ELEMENTS (KOHA)
Source of classification or shelving scheme Dewey Decimal Classification
Koha item type Text Books
Holdings
Withdrawn status Lost status Source of classification or shelving scheme Damaged status Not for loan Collection code Home library Current library Date acquired Source of acquisition Currency Cost, normal purchase price Bill Number Total Checkouts Full call number Acc. no. / Barcode Date last seen Actual Cost, discounted price Bill Date Koha item type
    Dewey Decimal Classification     BCA in Cloud Technology and Information Security PIET C-LIBRARY PIET C-LIBRARY 13/05/2026 Zafaa Books and Distributors INR 725.00 ZBD2026-27-0043   006.3 RAD BC2742 19/05/2026 522.00 13/05/2026 Reference Books
    Dewey Decimal Classification     BCA in Cloud Technology and Information Security PIET C-LIBRARY PIET C-LIBRARY 13/05/2026 Zafaa Books and Distributors INR 725.00 ZBD2026-27-0043   006.3 RAD BC2743 19/05/2026 522.00 13/05/2026 Text Books
    Dewey Decimal Classification     BCA in Cloud Technology and Information Security PIET C-LIBRARY PIET C-LIBRARY 13/05/2026 Zafaa Books and Distributors INR 725.00 ZBD2026-27-0043   006.3 RAD BC2744 19/05/2026 522.00 13/05/2026 Text Books
    Dewey Decimal Classification     BCA in Cloud Technology and Information Security PIET C-LIBRARY PIET C-LIBRARY 13/05/2026 Zafaa Books and Distributors INR 725.00 ZBD2026-27-0043   006.3 RAD BC2745 19/05/2026 522.00 13/05/2026 Text Books
    Dewey Decimal Classification     BCA in Cloud Technology and Information Security PIET C-LIBRARY PIET C-LIBRARY 13/05/2026 Zafaa Books and Distributors INR 725.00 ZBD2026-27-0043   006.3 RAD BC2746 19/05/2026 522.00 13/05/2026 Text Books

Design & Developed by: PIET Central Library
R70 Miles Stone Pattikalyana Samalkha Panipat 132102
mail ID :- [email protected], Phone No:- 0180-2569700 Ex.216